000 00665nam a22002177a 4500
003 UA-OsUOA
001 113926
007 ta
008 20151008b un ||||| |||| 00| 0 ukr d
100 _aШевель І.
090 _a316
_bШ37
942 _cSA
040 _aUA-OsUOA
_bukr
_cUA-OsUOA
_dUA-OsUOA
245 _aСучасний соціальний конфлікт: мікроструктурний підхід Р. Колінза
300 _aС.147-153
955 _a0
041 _aukr
080 _a316
773 0 _w113923
_tСоціологія: теорія, методи, маркетинг
_dК.
_d2015
_g3
650 7 _a316 Соціологія
_2UDC
999 _c400095
_d400095